| 000 | 00267 a2200109 4500 | ||
|---|---|---|---|
| 999 |
_c328122 _d328122 |
||
| 001 | 93049 | ||
| 003 | NUST | ||
| 005 | 20180120134253.0 | ||
| 008 | 180120b xxu||||| |||| 00| 0 eng d | ||
| 082 | _a808.84 RAT | ||
| 100 |
_aRatcliff, A.J.J _99207 |
||
| 245 |
_aProse of our Time (Transfered to SOA) _hEnglish |
||
| 260 |
_bNelson _c1952 |
||
| 942 |
_aNUST CAE _cBK _k808.84 RAT _2ddc |
||